Pays ayant l'anglais comme langue officielle - Statistiques

Statistiques générales
  • Ce quiz a été pris 266 fois
    194 depuis la dernière actualisation
  • Le résultat moyen est 8 sur 59
Answers on the Grid
Answers color-coded by a green-red scale on the quiz's grid according to % correct below.
Afrique du Sud
Bahamas
Barbade
Belize
Botswana
Brunei
Cameroun
Canada
Dominique
Eswatini
Gambie
Ghana
Grenade
Guyana
Îles Marshall
Inde
Irlande
Jamaïque
Kenya
Kiribati
Lesotho
Libéria
Malawi
Micronésie
Namibie
Nauru
Nigeria
Nouvelle-Zélande
Ouganda
Pakistan
Palaos
Papouasie-Nouvelle-Guinée
Philippines
Saint-Christophe-et-Niévès
Saint-Vincent-et-les-Grenadines
Sainte-Lucie
Salomon
Samoa
Seychelles
Sierra Leone
Singapour
Soudan
Soudan du Sud
Tanzanie
Tonga
Trinité-et-Tobago
Tuvalu
Vanuatu
Zambie
Zimbabwe
Royuame-Uni (de facto)
Antigua-et-Barbuda
Australie (de facto)
Etats-Unis (de facto)
Sri lanka
Angola
Arménie
Azerbaïdjan
Bahreïn
Bangladesh
Suriname
Bénin
Bhoutan
Birmanie
Brésil
Burkina Faso
Cambodge
Cap-Vert
Tchad
Chyre
Comores
Cuba
Thailande
Djibouti
Egypte
Equateur
Erythrée
Ethiopie (de facto)
Finlande
Timor Oriental
Gabon
Géorgie
Guinée
Guinée-Bissau
Guinée-équatoriale
Haïti
Honduras
Indonésie
Togo
Vatican
Yémen
Kazakhstan
Laos
Liban
Libye
Luxembourg
Madagascar
Malaisie
Maldives
Malte
Fidji
Mozambique
Rwanda
Nicaragua
Oman
Panama
République Centrafricaine
République Dominicaine
Saint-Marin
Salvador
Sao Tomé-et-Principe
France
Taïwan
Panama
Maurice (de facto)
 
Statistiques - réponses
Réponse % Correct
Etats-Unis (de facto)
44%
Royuame-Uni (de facto)
44%
Canada
43%
Nouvelle-Zélande
34%
Australie (de facto)
33%
Afrique du Sud
30%
Irlande
29%
Jamaïque
27%
Nigeria
24%
Ghana
21%
Bahamas
20%
Îles Marshall
19%
Kenya
19%
Fidji
17%
Inde
17%
Libéria
14%
Malte
14%
Saint-Christophe-et-Niévès
14%
Sainte-Lucie
14%
Salomon
14%
Singapour
14%
Antigua-et-Barbuda
13%
Barbade
13%
Botswana
13%
Maurice (de facto)
13%
Saint-Vincent-et-les-Grenadines
13%
Namibie
11%
Belize
10%
Gambie
10%
Kiribati
10%
Sierra Leone
10%
Cameroun
9%
Guyana
9%
Micronésie
9%
Nauru
9%
Ouganda
9%
Palaos
9%
Rwanda
9%
Tanzanie
9%
Trinité-et-Tobago
9%
Tuvalu
9%
Zimbabwe
9%
Dominique
7%
Eswatini
7%
Grenade
7%
Malawi
7%
Samoa
7%
Seychelles
7%
Zambie
7%
Papouasie-Nouvelle-Guinée
6%
Philippines
6%
Soudan du Sud
6%
Vanuatu
6%
Pakistan
4%
Tonga
4%
Lesotho
3%
Soudan
3%
Brunei
1%
Erythrée
1%
Aucun quiz correspondant
Distribution des résultats
% des personnes avec chaque résultat
Percentile par nombre de réponses
Votre historique - résultats
Vous n’avez pas pris ce quiz depuis la dernière actualisation